Les Pays avec le plus d'utilisateurs sur YouTube - Statistiques

Statistiques générales
  • Ce quiz a été pris 126 fois
  • Le résultat moyen est 13 sur 20
Statistiques - réponses
# Pays % Correct
2 États-Unis
98%
13 France
98%
18 Espagne
89%
1 Inde
85%
6 Japon
84%
8 Allemagne
83%
12 Royaume-Uni
83%
17 Italie
81%
3 Brésil
80%
5 Mexique
74%
20 Argentine
69%
16 Corée du Sud
67%
4 Indonésie
52%
11 Turquie
50%
15 Thaïlande
45%
7 Pakistan
41%
14 Égypte
37%
9 Vietnam
36%
10 Philippines
35%
19 Bangladesh
31%
Aucun quiz correspondant
Distribution des résultats
% des personnes avec chaque résultat
Percentile par nombre de réponses
Votre historique - résultats
Vous n’avez pas pris ce quiz